[Event "Défi"]
[Site "www.echecsemail.com"]
[Date "2026.01.20"]
[Round "1"]
[White "Jeanre"]
[Black "Cocola34"]
[WhiteElo "1640"]
[BlackElo "1640"]
[Result "1-0"]
1.d4 d5
2.Ng1f3 f6
3.Bc1f4 g5
4.Bf4xg5 fxg5
5.Nf3xg5 h6
6.Ng5f3 Bf8g7
7.e3 Ng8f6
8.c4 c6
9.h3 Qd8a5
10.Nb1c3 Nb8d7
11.a3 Nd7b6
12.c5 Nb6d7
13.Bf1d3 O-O
14.O-O Nf6h7
15.b4 Qa5c7
16.Rf1e1 Nd7f6
17.Qd1c2 Nh7g5
18.Nf3xg5 hxg5
19.Qc2e2 b6
20.Qe2f3 g4
21.hxg4 Nf6xg4
22.Qf3h3 Ng4h6
23.Qh3h2 Qc7d8
24.Nc3e2 e6
25.Qh2d6 Bc8d7
26.e4 Nh6f7
27.Qd6h2 b5
28.exd5 Nf7h6
29.d6 Rf8f6
30.Ne2f4 Bd7e8
31.Qh2g3 Qd8d7
32.Nf4h5 Be8xh5
33.Qg3h4 Bh5f7
34.Qh4e4 Kf8
35.a4 Ra8b8
36.axb5 cxb5
37.Qe4e2 a6
38.Ra1xa6 Qd7b7
39.Ra6a5 Rf6f4
40.Ra5xb5 Qb7c8
41.Rb5xb8 Qc8xb8
42.d5 e5
43.b5 Bf7xd5
44.c6 Qb8xd6
45.Qe2c2 Qd6c7
46.Qc2c5 Kg8
47.Qc5xd5 Kh8
48.Re1a1 Bg7f6
49.Ra1a8 Kg7
50.Qd5a2 e4
51.Ra8a7 Qc7xa7
52.Qa2xa7 Nh6f7
53.Qa7e3 Rf4h4
54.c7 Nf7d6
55.Bd3xe4 Bf6e5
56.Qe3g5 { abandon }1-0

[Event "Eq:Les Gens du Sud-Les enfants de l Atlantide :"]
[Site "www.echecsemail.com"]
[Date "2026.01.20"]
[Round "1"]
[White "Bassdark"]
[Black "Sorim"]
[WhiteElo "2040"]
[BlackElo "2040"]
[Result "0-1"]
1.d4 d5
2.Ng1f3 c6
3.Bc1f4 Bc8f5
4.e3 e6
5.Bf1d3 Ng8f6
6.Bd3xf5 exf5
7.Qd1d3 Nf6e4
8.Nf3e5 f6
9.Ne5f3 Nb8a6
10.a3 g5
11.Bf4g3 Qd8d7
12.Qd3e2 h5
13.h3 Ne4xg3
14.fxg3 Bf8d6
15.Qe2d3 Bd6xg3
16.Kd2 O-O-O
17.b4 Rh8e8
18.Rh1f1 Re8e4
19.Nb1c3 Re4e7
20.Nc3a4 f4
21.Na4c5 fxe3
22.Ke2 Na6xc5
23.bxc5 g4
24.Nf3g1 Bg3f2
25.a4 gxh3
26.gxh3 Rd8g8
27.Ra1b1 Rg8g2
28.Kf3 Rg2xg1
29.Rf1xg1 Qd7xh3
30.Ke2 Bf2xg1
31.Rb1xg1 Qh3h2
32.Kf1 Qh2f2
0-1

[Event "Défi"]
[Site "www.echecsemail.com"]
[Date "2026.01.20"]
[Round "1"]
[White "Snarf"]
[Black "Payne42"]
[WhiteElo "1720"]
[BlackElo "1770"]
[Result "0-1"]
1.e4 g6
2.Nb1c3 Bf8g7
3.Ng1e2 d6
4.b3 Ng8f6
5.Bc1b2 O-O
6.Ne2g3 a6
7.Bf1d3 Nb8c6
8.h4 b5
9.Qd1f3 Nc6e5
10.Qf3e2 Ne5xd3
11.Qe2xd3 Bc8b7
12.O-O-O Nf6g4
13.Qd3e2 Qd8d7
14.f3 Ng4e5
15.h5 Bb7c6
16.hxg6 fxg6
17.Rh1h3 Kf7
18.Rh3xh7 Rf8h8
19.Rd1h1 Rh8xh7
20.Rh1xh7 Ra8h8
21.Rh7xh8 Bg7xh8
22.Qe2e3 Bh8f6
23.Qe3h6 Qd7e8
24.Ng3f5 Qe8f8
25.Qh6h2 gxf5
26.Qh2h5 Ke6
27.Qh5xf5 Kf7
28.Nc3e2 Qf8g7
29.Ne2f4 Bc6d7
30.Qf5h5 Kg8
31.d3 Kf8
32.Qh5h1 Qg7g5
33.Qh1h2 Ne5g6
34.g3 e5
35.Qh2h7 exf4
36.g4 Ng6e7
37.d4 Qg5g7
38.Qh7h2 Ne7g6
39.c3 c5
40.dxc5 Bf6xc3
41.cxd6 Bc3xb2
42.Qh2xb2 Qg7xb2
43.Kxb2 Ng6h4
44.Kc3 Nh4xf3
45.Kd3 Bd7xg4
46.a3 Ke8
47.Kc3 Kd7
48.Kb4 Kc8
49.Ka5 Kb7
50.Kb4 Kb6
51.Kc3 Nf3e5
52.Kd4 Ne5c6
53.Kd5 f3
54.e5 f2
55.e6 Bg4xe6
56.Kxe6 f1Q
57.d7 Qf1e2
58.Kd6 Qe2e5
0-1

[Event "Tournoi n27394"]
[Site "www.echecsemail.com"]
[Date "2026.01.20"]
[Round "1"]
[White "Wenoketo"]
[Black "Zadkine1"]
[WhiteElo "1690"]
[BlackElo "1700"]
[Result "1-0"]
1.d4 d5
2.Ng1f3 Ng8f6
3.Bc1f4 Bc8f5
4.e3 c6
5.Nb1d2 Nb8d7
6.h3 e6
7.Bf1e2 Bf8e7
8.O-O O-O
9.Ra1c1 Nf6e4
10.Nd2xe4 Bf5xe4
11.Nf3d2 Be4f5
12.c4 Be7g5
13.Bf4h2 Nd7f6
14.c5 Nf6e4
15.Nd2xe4 Bf5xe4
16.Be2d3 Be4xd3
17.Qd1xd3 b5
18.Bh2d6 Rf8e8
19.b4 a5
20.a3 axb4
21.axb4 Qd8f6
22.Rc1a1 Ra8xa1
23.Rf1xa1 Qf6h6
24.Ra1a6 Re8c8
25.Qd3a3 g6
26.Ra6a8 Rc8xa8
27.Qa3xa8 Kg7
28.Bd6f8 { abandon }1-0

[Event "Défi( 10J+24H/c 10J Max )"]
[Site "www.echecsemail.com"]
[Date "2026.01.20"]
[Round "1"]
[White "Kiki38"]
[Black "Mindthegap"]
[WhiteElo "1500"]
[BlackElo "1420"]
[Result "1-0"]
1.e4 e5
2.Ng1f3 Ng8f6
3.d3 Nb8c6
4.Bf1e2 d5
5.c3 Bc8g4
6.O-O dxe4
7.dxe4 Nf6xe4
8.Qd1c2 f5
9.Rf1d1 Bf8d6
10.b4 Bg4xf3
11.Be2xf3 Qd8d7
12.Bf3xe4 fxe4
13.Qc2xe4 Ra8d8
14.Bc1f4 Rh8f8
15.Bf4g5 Nc6e7
16.c4 c5
17.bxc5 Qd7a4
18.Nb1c3 Bd6xc5
19.Nc3xa4 Bc5xf2
20.Kh1 Rd8xd1
21.Ra1xd1 Ne7g6
22.Qe4xb7 { abandon }1-0

[Event "Tournoi n27389"]
[Site "www.echecsemail.com"]
[Date "2026.01.20"]
[Round "1"]
[White "Gognol"]
[Black "Vvvv"]
[WhiteElo "1900"]
[BlackElo "1720"]
[Result "1-0"]
1.e4 e5
2.Ng1f3 Nb8c6
3.d3 Ng8f6
4.Bc1d2 g6
5.c3 Bf8g7
6.h3 O-O
7.Nf3h2 d5
8.Qd1f3 d4
9.Nb1a3 a6
10.Bf1e2 b5
11.Be2d1 Bc8e6
12.c4 bxc4
13.Na3xc4 Ra8b8
14.b3 Be6xc4
15.bxc4 Nc6b4
16.Bd1a4 Qd8d6
17.O-O Rb8b7
18.Rf1c1 Rf8b8
19.c5 Qd6d8
20.a3 Nb4xd3
21.Qf3xd3 Rb7b2
22.Bd2b4 Bg7h6
23.Rc1d1 Nf6h5
24.g3 Rb2xf2
25.Kxf2 Bh6e3
26.Kg2 Qd8g5
27.Nh2g4 Nh5f4
28.gxf4 Qg5xf4
29.Ng4xe3 dxe3
30.Rd1f1 Qf4g5
31.Kh2 Rb8d8
32.Qd3xa6 Rd8d2
33.Bb4xd2 exd2
34.Ra1d1 Qg5e3
35.Qa6f6 { abandon }1-0

[Event "Défi"]
[Site "www.echecsemail.com"]
[Date "2026.01.20"]
[Round "1"]
[White "Castor"]
[Black "Scipio"]
[WhiteElo "1330"]
[BlackElo "1420"]
[Result "0-1"]
1.d4 d5
2.c4 c6
3.Nb1c3 Ng8f6
4.e3 e6
5.Ng1f3 Nb8d7
6.Qd1a4 Nd7b6
7.Qa4c2 Nb6xc4
8.Bf1d3 Bf8d6
9.O-O g6
10.Rf1e1 Nf6g4
11.g3 Qd8f6
12.Bd3e2 h5
13.h3 Ng4h6
14.Re1f1 e5
15.dxe5 Nc4xe5
16.Kg2 Bc8e6
17.Qc2b3 b6
18.Qb3c2 Be6f5
19.Qc2a4 O-O
20.Nf3d2 Rf8e8
21.f4 Ne5c4
22.Nd2xc4 dxc4
23.Be2xc4 Nh6g4
24.hxg4 Bf5xg4
25.Bc1d2 Bd6c5
26.Ra1e1 Kg7
27.Re1c1 h4
28.Rc1e1 Ra8d8
29.Bd2c1 Re8e7
30.Nc3d5 cxd5
31.Bc4b5 h3
32.Kg1 Rd8h8
33.Rf1f2 d4
34.e4 d3
35.Bb5xd3 Bc5xf2
36.Kxf2 h2
37.Qa4a3 h1Q
38.Re1xh1 Rh8xh1
39.Bc1e3 g5
40.Kg2 Rh1c1
41.b4 Rc1e1
42.Be3f2 Re1d1
43.Bd3c2 Rd1d2
44.Bc2b1 Qf6h6
45.Qa3c3 f6
46.Kg1 Rd2d8
47.Qc3c1 Rd8h8
48.Kf1 Qh6h3
49.Ke1 Qh3h1
50.Kd2 Qh1f3
51.Qc1f1 Re7d7
52.Kc2 Qf3xe4
53.Kb3 Qe4e6
54.Kb2 Rd7d5
55.Bf2e1 a5
56.a3 Rd5d1
57.Bb1a2 Qe6c6
58.bxa5 bxa5
59.Ba2b3 Qc6c1
60.Ka2 Qc1b1
0-1

[Event "Eq:Avalon-La Diagonale du Fou :"]
[Site "www.echecsemail.com"]
[Date "2026.01.20"]
[Round "1"]
[White "Roxane"]
[Black "Neddy"]
[WhiteElo "1450"]
[BlackElo "1410"]
[Result "1-0"]
1.d4 d5
2.c4 dxc4
3.e4 b5
4.Ng1f3 Ng8f6
5.Nb1d2 g6
6.b3 c3
7.Bf1xb5 Bc8d7
8.Bb5xd7 Qd8xd7
9.Nd2b1 Qd7c6
10.Qd1c2 Nf6xe4
11.O-O Bf8g7
12.Rf1e1 f5
13.Bc1a3 O-O
14.Ba3xe7 Rf8e8
15.Be7b4 Nb8a6
16.Bb4xc3 Ra8d8
17.h4 h5
18.d5 Rd8xd5
19.Nf3g5 Ne4xg5
20.Re1xe8 Qc6xe8
21.hxg5 Qe8e7
22.Bc3xg7 Qe7xg7
23.Nb1c3 Rd5c5
24.Qc2d2 Rc5xc3
25.Qd2d8 Kh7
26.Ra1e1 Rc3c6
27.Re1e7 Rc6c1
28.Kh2 Rc1d1
29.Re7xg7 Kxg7
30.Qd8xd1 Na6b4
31.Qd1d7 Kg8
32.Qd7d8 Kg7
33.Qd8f6 Kg8
34.Qf6xg6 { abandon }1-0

[Event "Eq:Les Rois du Succes-Les enfants de l Atlantide :"]
[Site "www.echecsemail.com"]
[Date "2026.01.20"]
[Round "1"]
[White "Luc20"]
[Black "Harvir"]
[WhiteElo "1850"]
[BlackElo "1990"]
[Result "1/2-1/2"]
1.d4 d5
2.Ng1f3 Ng8f6
3.Bc1f4 Nb8c6
4.e3 Bc8g4
5.Bf1e2 e6
6.c3 Bf8d6
7.Bf4g5 O-O
8.Nb1d2 h6
9.Bg5h4 Rf8e8
10.O-O Nc6a5
11.Nf3e5 Bg4xe2
12.Qd1xe2 g5
13.Bh4g3 Na5c6
14.Nd2f3 Nf6e4
15.Ra1c1 Ne4xg3
16.fxg3 Nc6xe5
17.dxe5 Bd6c5
18.Nf3d4 Bc5f8
19.Qe2h5 Qd8e7
20.Rf1f2 Bf8g7
21.Rc1f1 Re8f8
22.Nd4f3 c5
23.h4 gxh4
24.gxh4 f5
25.exf6 Rf8xf6
26.g4 Ra8f8
27.Nf3e5 Rf6xf2
28.Rf1xf2 Rf8xf2
29.Kxf2 Qe7f6
30.Ne5f3 e5
31.Kg2 Qf6e6
32.g5 e4
33.Nf3h2 d4
34.exd4 e3
35.gxh6 Bg7xh6
36.Qh5g4 Kf7
37.Qg4xe6 Kxe6
38.Kf3 cxd4
39.cxd4 Kd5
40.Ke2 Kxd4
41.Nh2g4 Bh6f4
42.h5 Bf4d6
43.Ng4xe3 Bd6e5
44.h6 b5
45.Ne3f5 Ke4
46.Nf5e7 Be5xb2
47.Ne7c6 a6
{ nul }1/2-1/2

[Event "Tournoi n27388"]
[Site "www.echecsemail.com"]
[Date "2026.01.20"]
[Round "1"]
[White "Zax"]
[Black "Alain64"]
[WhiteElo "2280"]
[BlackElo "2090"]
[Result "1-0"]
1.e4 c5
2.d4 cxd4
3.c3 e5
4.Ng1f3 Nb8c6
5.Bf1c4 Nc6a5
6.Bc4d5 Ng8f6
7.Nf3xe5 Nf6xd5
8.exd5 d6
9.Ne5f3 Bc8g4
10.Qd1a4 Bg4d7
11.Qa4xd4 b6
12.O-O f6
13.Rf1e1 Bf8e7
14.Qd4e4 Kf7
15.Nf3d4 Na5b7
16.Nd4e6 Qd8c8
17.Nb1a3 Bd7xe6
18.dxe6 Kf8
19.Bc1e3 h5
20.Ra1d1 h4
21.Na3b5 a6
22.Nb5d4 Nb7c5
23.Qe4f5 Qc8e8
24.Qf5f3 Ra8c8
25.Nd4f5 Qe8h5
26.Qf3d5 Rc8d8
27.Be3xc5 bxc5
28.Nf5xe7 Kxe7
29.Qd5b7 Kf8
30.e7 { abandon }1-0

[Event "Tournoi n27387"]
[Site "www.echecsemail.com"]
[Date "2026.01.20"]
[Round "1"]
[White "Hermite"]
[Black "Qsdmlk"]
[WhiteElo "1530"]
[BlackElo "1520"]
[Result "1-0"]
1.e4 e6
2.Ng1f3 Nb8c6
3.Bf1e2 Bf8b4
4.c3 Bb4c5
5.d4 Bc5b6
6.O-O Ng8f6
7.Nb1d2 O-O
8.e5 Nf6d5
9.Be2d3 f6
10.Qd1c2 f5
11.Nd2c4 d6
12.Bc1g5 Nc6e7
13.Nf3h4 Bc8d7
14.Nc4xb6 axb6
15.Qc2d2 f4
16.f3 dxe5
17.Bd3xh7 Kh8
18.Bh7e4 Qd8e8
19.c4 Nd5e3
20.Rf1c1 Qe8h5
21.Bg5xe7 Rf8f7
22.dxe5 Rf7xe7
23.Qd2f2 c6
24.Nh4g6 Kg8
25.Ng6xe7 Kf8
26.Ne7g6 Kg8
27.Ng6xf4 Qh5xe5
28.Qf2xe3 Ra8f8
29.Nf4g6 Qe5xb2
30.Ng6xf8 Kxf8
31.Qe3f4 Ke7
32.Qf4g5 Ke8
33.Be4g6 Kf8
34.Qg5d8 { abandon }1-0

[Event "Tournoi n27397"]
[Site "www.echecsemail.com"]
[Date "2026.01.20"]
[Round "1"]
[White "Jlr"]
[Black "Katastrofic"]
[WhiteElo "1380"]
[BlackElo "1370"]
[Result "1-0"]
1.e4 e5
2.Ng1f3 d6
3.Bf1c4 Bf8e7
4.h3 Ng8f6
5.Nf3g5 O-O
6.d3 h6
7.h4 d5
8.exd5 Nf6xd5
9.Qd1h5 Be7xg5
10.hxg5 Nd5f4
11.Bc1xf4 exf4
12.gxh6 Rf8e8
13.Kd2 Qd8f6
14.Nb1c3 g6
15.h7 Kh8
16.Qh5b5 c6
17.Qb5b3 Bc8e6
18.Nc3e4 Qf6e7
19.Qb3c3 { abandon }1-0

[Event "XERTIGNY  VOSGES"]
[Site "www.echecsemail.com"]
[Date "2026.01.20"]
[Round "1"]
[White "Petitlulu64"]
[Black "Legrillon"]
[WhiteElo "1760"]
[BlackElo "1710"]
[Result "1-0"]
1.e4 e5
2.Ng1f3 Ng8f6
3.Bf1c4 d5
4.exd5 Nf6xd5
5.O-O Qd8d6
6.Rf1e1 Bc8g4
7.Re1xe5 Bf8e7
8.Re5xd5 Qd6c6
9.Bc4b3 Nb8d7
10.h3 Bg4h5
11.Rd5xh5 g6
12.Rh5d5 O-O-O
13.Nb1c3 f6
14.Nf3d4 Qc6a6
15.d3 c6
16.Bb3c4 Qa6b6
17.Rd5xd7 Rd8xd7
18.Bc4e6 Qb6xd4
19.Be6xd7 Qd4xd7
20.Bc1d2 f5
21.Nc3e2 Rh8e8
22.Ne2c3 Be7f6
23.Bd2f4 g5
24.Bf4h2 f4
25.Nc3e4 Bf6xb2
26.Ra1b1 Bb2e5
27.Ne4xg5 h6
28.Ng5e4 Re8f8
29.Ne4c5 Qd7d5
30.Qd1g4 Kc7
31.Rb1xb7 Kd6
32.Rb7d7 Kxc5
33.Rd7xd5 Kxd5
34.Qg4d7 Be5d6
35.Qd7xa7 Rf8e8
36.c4 Ke6
37.c5 Bd6e5
38.Kf1 Re8e7
39.Qa7b6 Kd5
40.f3 Be5c7
41.Qb6b3 Kd4
42.Bh2g1 Ke5
43.d4 Kf6
44.Bg1h2 Re7g7
45.a4 Kg5
46.Qb3e6 h5
47.h4 { abandon }1-0

[Event "Défi( 10J+24H/c 10J Max )"]
[Site "www.echecsemail.com"]
[Date "2026.01.20"]
[Round "1"]
[White "Tunnellavage"]
[Black "Snarf"]
[WhiteElo "1760"]
[BlackElo "1720"]
[Result "1-0"]
1.e4 e5
2.Ng1f3 Nb8c6
3.Bf1c4 h6
4.Nb1c3 Bf8b4
5.d3 d6
6.h3 Bc8e6
7.O-O a6
8.Bc1d2 Ng8e7
9.a3 Bb4a5
10.Ra1b1 Be6xc4
11.dxc4 Qd8d7
12.Kh2 Ba5b6
13.Nc3d5 Ne7xd5
14.cxd5 Nc6e7
15.c4 Ne7g6
16.b4 O-O-O
17.Qd1c2 f6
18.c5 Bb6a7
19.c6 Qd7e7
20.Qc2d3 bxc6
21.Qd3xa6 Kb8
22.dxc6 Ng6f4
23.b5 g5
24.Bd2e3 Ba7xe3
25.fxe3 Nf4d3
26.Qa6b7 1-0

[Event "YQUELON"]
[Site "www.echecsemail.com"]
[Date "2026.01.20"]
[Round "1"]
[White "Intrigue"]
[Black "Legrillon"]
[WhiteElo "1680"]
[BlackElo "1720"]
[Result "1/2-1/2"]
1.e4 e5
2.Ng1f3 Ng8f6
3.d4 exd4
4.Qd1xd4 Nb8c6
5.Qd4a4 d6
6.Bf1b5 Bc8d7
7.Nb1c3 a6
8.Bb5xc6 Bd7xc6
9.Qa4d4 h6
10.O-O Bf8e7
11.Bc1f4 O-O
12.Rf1e1 Nf6h7
13.Ra1d1 Be7f6
14.Qd4d2 Rf8e8
15.Nf3d4 Bf6xd4
16.Qd2xd4 Nh7f6
17.e5 dxe5
18.Bf4xe5 Qd8xd4
19.Be5xd4 Nf6e4
20.h3 Ra8d8
21.Bd4e3 Ne4xc3
22.Rd1xd8 Re8xd8
23.bxc3 Bc6a4
24.Re1e2 Ba4b5
25.Re2d2 Rd8xd2
26.Be3xd2 Bb5a4
27.a3 Ba4xc2
28.g4 g5
29.f4 f6
30.fxg5 fxg5
31.h4 gxh4
32.Bd2xh6 Kh7
33.Bh6g5 h3
34.Kh2 Kg6
35.Bg5d8 c6
36.Kxh3 b5
37.Kh4 c5
38.g5 Bc2b3
39.Bd8a5 Bb3d5
40.Ba5c7 { nul }1/2-1/2

[Event "Eq:modesty-au plaisir du jeux  :"]
[Site "www.echecsemail.com"]
[Date "2026.01.20"]
[Round "1"]
[White "Chekenblanc"]
[Black "Upsalin"]
[WhiteElo "2300"]
[BlackElo "2510"]
[Result "0-1"]
1.Ng1f3 Ng8f6
2.c4 g6
3.g3 Bf8g7
4.Bf1g2 c6
5.Nb1c3 O-O
6.O-O d5
7.d4 dxc4
8.Nf3e5 Bc8e6
9.Qd1a4 Qd8xd4
{ abandon }0-1

[Event "Défi( 10J+24H/c 10J Max )"]
[Site "www.echecsemail.com"]
[Date "2026.01.20"]
[Round "1"]
[White "Vb83"]
[Black "Luc20"]
[WhiteElo "1490"]
[BlackElo "1820"]
[Result "0-1"]
1.e4 e6
2.d4 d5
3.e5 c5
4.Ng1f3 Nb8c6
5.Bf1b5 Bc8d7
6.Bc1g5 Qd8a5
7.Nb1c3 c4
8.b3 Bf8b4
9.O-O Bb4xc3
10.Bb5xc6 Bd7xc6
11.bxc4 Bc3xa1
12.Qd1xa1 dxc4
13.Bg5d2 Qa5a3
14.Rf1b1 Bc6xf3
{ abandon }0-1

[Event "Coupe Niveau 2"]
[Site "www.echecsemail.com"]
[Date "2026.01.20"]
[Round "1"]
[White "Woluwe1975"]
[Black "Domenico"]
[WhiteElo "1630"]
[BlackElo "1790"]
[Result "0-1"]
1.e4 e5
2.Ng1f3 d6
3.c3 Bf8e7
4.d4 Ng8f6
5.d5 O-O
6.Bf1d3 c6
7.c4 Bc8g4
8.Nb1d2 cxd5
9.cxd5 Nb8d7
10.O-O b6
11.Qd1a4 Nd7c5
12.Qa4c2 Nf6h5
13.Nd2b3 Bg4xf3
14.Nb3xc5 bxc5
15.gxf3 Be7g5
16.Kh1 Qd8f6
17.Bc1xg5 Qf6xg5
18.Rf1g1 Qg5f4
19.Bd3e2 f5
20.Rg1g3 Nh5xg3
21.fxg3 Qf4h6
22.exf5 Rf8f6
23.Kg2 Ra8f8
24.Be2d3 g6
25.Bd3e2 gxf5
26.Ra1d1 e4
27.fxe4 fxe4
28.Rd1f1 Rf6xf1
29.Be2xf1 e3
30.Kg1 Rf8f2
31.Qc2xf2 exf2
{ abandon }0-1

[Event "Tournoi n27391"]
[Site "www.echecsemail.com"]
[Date "2026.01.20"]
[Round "1"]
[White "Hermite"]
[Black "Wenoketo"]
[WhiteElo "1530"]
[BlackElo "1660"]
[Result "1-0"]
1.e4 c6
2.d3 e6
3.Ng1f3 d5
4.Bf1e2 dxe4
5.dxe4 Bf8c5
6.O-O Ng8f6
7.Nb1d2 O-O
8.b3 Bc5b6
9.e5 Nf6d5
10.Bc1b2 Nb8d7
11.c4 Nd5e7
12.Nd2e4 Bb6c7
13.Qd1c2 h6
14.Bb2c1 Nd7xe5
15.Bc1e3 Ne5xf3
16.Be2xf3 Ne7f5
17.Ra1d1 Qd8e7
18.Be3c1 Nf5h4
19.Ne4d2 Nh4xf3
20.Nd2xf3 b6
21.Rd1d3 Bc8b7
22.Rf1e1 c5
23.Re1d1 Bb7xf3
24.Rd3xf3 Ra8d8
25.Rd1e1 Qe7d6
26.Rf3g3 Qd6e7
27.Bc1xh6 g6
28.Qc2c3 e5
29.f4 Qe7h4
30.Rg3h3 Qh4g4
31.Rh3f3 Rf8e8
32.Rf3g3 Qg4h5
33.Bh6g5 exf4
34.Bg5xd8 Re8xe1
35.Qc3xe1 fxg3
36.h3 Qh5e5
37.Qe1xe5 Bc7xe5
38.Kf1 f5
39.Ke2 f4
40.Kf3 Kf7
41.Bd8g5 Ke6
42.Bg5xf4 Be5xf4
43.Kxf4 Kf6
44.Kxg3 a6
45.Kg4 b5
46.h4 bxc4
47.bxc4 a5
48.g3 a4
49.Kf4 a3
50.Kg4 Kg7
51.Kg5 Kf7
52.Kh6 Kf6
53.g4 Kf7
54.g5 { abandon }1-0

[Event "Défi"]
[Site "www.echecsemail.com"]
[Date "2026.01.21"]
[Round "1"]
[White "Manulatus"]
[Black "Superman"]
[WhiteElo "1880"]
[BlackElo "1810"]
[Result "0-1"]
1.c4 d5
2.cxd5 Qd8xd5
3.Nb1c3 Qd5a5
4.d4 c6
5.Qd1b3 Ng8f6
6.Ng1f3 e6
7.Bc1d2 Qa5c7
8.e4 Bf8e7
9.Ra1c1 O-O
10.Bf1d3 Nb8d7
11.O-O Ra8b8
12.Rf1e1 b5
13.a3 a5
14.Qb3a2 Bc8b7
15.Nc3xb5 Qc7b6
16.Nb5c3 Nf6g4
17.h3 Ng4f6
18.Bd2f4 Rb8c8
19.Nc3a4 Qb6d8
20.Qa2b3 Rc8b8
21.Qb3c2 h6
22.Bf4xb8 Qd8xb8
23.Qc2d2 Rf8d8
24.Qd2xa5 g6
25.Qa5c3 Nd7f8
26.Na4c5 Bb7a8
27.Nf3e5 g5
28.Bd3e2 Be7xc5
29.dxc5 Nf6xe4
30.Qc3e3 Ne4f6
31.Qe3f3 Qb8xe5
32.b4 Qe5b2
33.Rc1b1 Qb2e5
34.Be2d3 Qe5d4
35.Bd3f1 Rd8d5
36.Rb1d1 Qd4b2
37.Qf3xf6 Qb2xf6
38.Bf1e2 Qf6c3
39.Be2h5 Qc3xa3
40.Rd1b1 Kg7
41.Bh5f3 Rd5d2
42.b5 cxb5
43.Rb1a1 Qa3xc5
44.Bf3xa8 Qc5xf2
45.Kh1 Nf8g6
46.Re1f1 Qf2g3
47.Ra1a7 Ng6h4
48.Ra7xf7 Kg6
49.Rf7f6 Kh5
50.Rf1g1 e5
51.Ba8e4 Rd2f2
52.Rf6b6 g4
53.Be4c6 gxh3
54.Bc6e8 Kg5
55.Be8c6 hxg2
56.Bc6xg2 Rf2xg2
{ abandon }0-1

[Event "Schlacht"]
[Site "www.echecsemail.com"]
[Date "2026.01.21"]
[Round "1"]
[White "4x4"]
[Black "Luc20"]
[WhiteElo "1470"]
[BlackElo "1820"]
[Result "0-1"]
1.e4 e6
2.d4 d5
3.exd5 exd5
4.Ng1f3 Bc8g4
5.Nb1c3 Bf8b4
6.Bc1d2 c6
7.Qd1e2 Qd8e7
8.Qe2xe7 Ng8xe7
9.O-O-O O-O
10.Bf1d3 Nb8d7
11.h3 Bg4xf3
12.gxf3 Ne7g6
13.Bd3xg6 fxg6
14.f4 Bb4xc3
15.Bd2xc3 Rf8xf4
16.Rd1d2 Ra8f8
17.Rh1f1 Nd7f6
18.Rd2e2 Nf6e4
19.Bc3d2 Rf4xf2
20.Rf1xf2 Rf8xf2
21.Re2xf2 Ne4xf2
22.Bd2f4 Nf2xh3
23.Bf4e5 h5
24.Kd2 g5
25.Ke2 g4
26.Kf1 Kf7
27.Kg2 g5
28.b3 Ke6
29.c4 c5
30.Be5h8 Nh3f4
31.Kg3 cxd4
32.Bh8xd4 Nf4e2
33.Kf2 Ne2xd4
34.Ke3 Nd4c2
35.Kd3 Nc2b4
36.Kd4 dxc4
37.Kxc4 Nb4xa2
38.b4 Na2xb4
39.Kxb4 g3
40.Kc4 g2
{ abandon }0-1

[Event "Défi( 10J+24H/c 10J Max )"]
[Site "www.echecsemail.com"]
[Date "2026.01.21"]
[Round "1"]
[White "Poison"]
[Black "Minon"]
[WhiteElo "1100"]
[BlackElo "1940"]
[Result "0-1"]
1.e4 b6
2.Nb1c3 e5
3.Nc3d5 Bc8b7
4.Bf1c4 Bb7xd5
5.Bc4xd5 c6
6.Bd5c4 b5
7.Bc4d3 Ng8f6
8.Ng1f3 d6
9.Qd1e2 Nb8d7
10.b4 Bf8e7
11.Bc1b2 h6
12.Nf3h4 Nd7b6
13.Nh4f5 O-O
14.O-O Nb6a4
15.Bb2a3 d5
16.exd5 cxd5
17.Bd3xb5 Na4b6
18.Qe2xe5 Nb6d7
19.Qe5d4 Rf8e8
20.h4 a6
21.Bb5c6 Ra8c8
22.Bc6b7 Rc8b8
23.Bb7xa6 Nd7b6
24.Ba6b5 Nb6d7
25.Qd4c5 Be7xc5
26.bxc5 Rb8xb5
27.c6 Nd7c5
28.Ba3xc5 Rb5xc5
29.Nf5d4 Qd8a5
30.c3 Nf6e4
31.d3 Ne4xc3
32.Ra1c1 Nc3xa2
33.Nd4f5 Rc5xc1
34.Rf1xc1 Na2xc1
35.Nf5d6 Qa5e1
36.Kh2 Re8e2
37.c7 Qe1xf2
38.c8Q Kh7
39.Nd6xf7 Qf2xg2
0-1

[Event "Défi"]
[Site "www.echecsemail.com"]
[Date "2026.01.21"]
[Round "1"]
[White "Chomi64"]
[Black "Arno"]
[WhiteElo "1830"]
[BlackElo "1790"]
[Result "0-1"]
1.d4 Ng8f6
2.Ng1f3 d5
3.Bc1g5 Nb8d7
4.e3 e6
5.Bf1d3 Bf8e7
6.O-O O-O
7.Nb1d2 c5
8.c3 h6
9.Bg5h4 Nf6h7
10.Bh4xe7 Qd8xe7
11.e4 Nd7b6
12.e5 c4
13.Bd3b1 Nb6d7
14.Qd1c2 f5
15.b3 b5
16.a4 Bc8a6
17.bxc4 dxc4
18.axb5 Ba6xb5
19.Ra1a5 a6
20.Rf1e1 Nh7g5
21.g4 fxg4
22.Nf3h4 Qe7f7
23.Nd2e4 Ng5xe4
24.Re1xe4 g5
25.Nh4g2 Nd7b6
26.Re4xg4 Qf7f5
27.Rg4g3 Nb6d5
28.Ng2e3 Nd5xe3
29.Rg3xe3 Rf8f7
30.Qc2d1 Qf5xf2
31.Kh1 Qf2xe3
32.Bb1g6 Bb5c6
{ abandon }0-1

[Event "Transval"]
[Site "www.echecsemail.com"]
[Date "2026.01.21"]
[Round "1"]
[White "Tartu"]
[Black "Cramsnellac"]
[WhiteElo "1700"]
[BlackElo "1700"]
[Result "1-0"]
1.e4 d6
2.d4 Ng8f6
3.Nb1c3 g6
4.f4 Bf8g7
5.Ng1f3 O-O
6.Bf1d3 c6
7.O-O Bc8g4
8.Qd1e1 Bg4xf3
9.Rf1xf3 b5
10.a3 a6
11.Bc1e3 Nf6g4
12.Rf3f1 Ng4xe3
13.Qe1xe3 Nb8d7
14.Ra1d1 c5
15.dxc5 Nd7xc5
16.f5  { temps }1-0

[Event "Transval"]
[Site "www.echecsemail.com"]
[Date "2026.01.21"]
[Round "1"]
[White "Cramsnellac"]
[Black "Patau"]
[WhiteElo "1700"]
[BlackElo "1700"]
[Result "0-1"]
1.Ng1f3 d5
2.e3 Ng8f6
3.d4 Bc8f5
4.c4 e6
5.cxd5 exd5
6.Bf1d3 Bf5e4
7.Bd3xe4 Nf6xe4
8.O-O Nb8c6
9.Nb1c3 Bf8b4
10.Nc3xe4 dxe4
11.Nf3d2 Qd8d5
12.Qd1c2 O-O-O
13.Nd2xe4 Rh8e8
14.Ne4g3 g6
15.b3 f5
 { temps }0-1

[Event "Transval"]
[Site "www.echecsemail.com"]
[Date "2026.01.21"]
[Round "1"]
[White "Karting"]
[Black "Cramsnellac"]
[WhiteElo "1590"]
[BlackElo "1700"]
[Result "1-0"]
1.e4 d6
2.d4 Ng8f6
3.Bf1d3 g6
4.c3 Bf8g7
5.Ng1f3 Nb8d7
6.O-O O-O
7.Bc1e3 e5
8.dxe5 dxe5
9.Nb1d2 Nf6g4
10.h3 Ng4xe3
11.fxe3 c6
12.Qd1c2  { temps }1-0

[Event "Tournoi n27334"]
[Site "www.echecsemail.com"]
[Date "2026.01.21"]
[Round "1"]
[White "Leredoutable"]
[Black "Intrigue"]
[WhiteElo "1760"]
[BlackElo "1720"]
[Result "0-1"]
1.e4 e5
2.f4 Bf8e7
3.Ng1f3 Nb8c6
4.Bf1c4 d6
5.O-O Ng8f6
6.d3 O-O
7.Nb1c3 a6
8.a3 b5
9.Bc4a2 exf4
10.Bc1xf4 Bc8e6
11.Nc3d5 Be6xd5
12.exd5 Nc6a5
13.b4 Na5b7
14.c4 bxc4
15.dxc4 Rf8e8
16.Ra1c1 Be7f8
17.c5 dxc5
18.bxc5 Bf8xc5
19.Kh1 Bc5d6
20.Bf4g5 Bd6e7
21.Bg5xf6 Be7xf6
22.Rc1c6 Nb7d6
23.Qd1c1 Re8e7
24.Nf3d2 Qd8e8
25.Rc6xc7 Re7xc7
26.Qc1xc7 Nd6b5
27.Qc7c6 Qe8xc6
28.dxc6 Ra8c8
29.Ba2d5 h6
30.Rf1f3 Nb5d4
31.Rf3f2 Nd4xc6
32.Nd2e4 Nc6e7
33.Ne4xf6 gxf6
34.h3 Ne7xd5
35.Kh2 Kg7
36.Rf2f5 Nd5e3
37.Rf5a5 Rc8c6
38.Kg3 Kg6
39.Kf3 Ne3c2
40.Ke4 Nc2e1
41.g3 h5
42.Ra5d5 Ne1c2
43.g4 hxg4
44.hxg4 Nc2xa3
45.Rd5a5 Na3c2
46.Ra5d5 Nc2b4
47.Rd5f5 Rc6e6
48.Kd4 Nb4c6
49.Kc4 Re6e5
50.Rf5f4 a5
51.Kb3 Re5g5
52.Ka4 f5
53.gxf5 Rg5xf5
54.Rf4g4 Kf6
55.Rg4c4 Nc6e7
56.Rc4d4 Ke6
57.Rd4e4 Rf5e5
58.Re4c4 Kd6
59.Rc4d4 Re5d5
60.Rd4f4 f5
61.Rf4c4 Ne7c6
62.Rc4f4 Rd5d4
63.Rf4xd4 Nc6xd4
64.Kxa5 f4
{ abandon }0-1

[Event "Défi( 10J+24H/c 10J Max )"]
[Site "www.echecsemail.com"]
[Date "2026.01.21"]
[Round "1"]
[White "Founet"]
[Black "Alain34"]
[WhiteElo "1860"]
[BlackElo "2100"]
[Result "0-1"]
1.e4 d6
2.d4 Ng8f6
3.Bf1d3 e5
4.d5 Bf8e7
5.Ng1f3 O-O
6.O-O Nb8d7
7.b4 Nd7b6
8.a4 a5
9.Bc1d2 axb4
 { temps }0-1

[Event "Défi( 10J+24H/c 10J Max )"]
[Site "www.echecsemail.com"]
[Date "2026.01.21"]
[Round "1"]
[White "Minon"]
[Black "Poison"]
[WhiteElo "1940"]
[BlackElo "1100"]
[Result "1-0"]
1.e4 e5
2.Ng1f3 Ng8f6
3.Nb1c3 d6
4.Bf1c4 Bc8g4
5.h3 Bg4xf3
6.Qd1xf3 Nb8c6
7.Nc3d5 Bf8e7
8.c3 Nc6a5
9.b3 Na5xc4
10.bxc4 Nf6xd5
11.cxd5 Qd8d7
12.d4 f6
13.O-O exd4
14.c4 c5
15.Qf3f5 a5
16.Qf5xd7 Kxd7
17.f4 g6
18.Ra1b1 f5
19.Rb1xb7 Kd8
20.exf5 gxf5
21.Rf1e1 Be7h4
22.Re1e6 Bh4g3
23.Re6xd6 Ke8
24.Rd6e6 Kd8
25.Re6f6 Rh8e8
26.Rf6e6 Re8xe6
27.dxe6 Ke8
28.Rb7xh7 Ra8b8
29.Rh7h8 Ke7
30.Rh8xb8 d3
31.Rb8b5 Kxe6
32.Rb5xa5 Bg3h4
33.Ra5xc5 Bh4f6
34.a4 Bf6d4
35.Kf1 Bd4xc5
36.Bc1d2 Kd6
37.a5 Bc5d4
38.g4 Kc6
39.g5 Kc5
40.g6 Kxc4
41.Ke1 Kb3
42.a6 Bd4c3
43.a7 Kb2
44.Kd1 Bc3d4
45.a8Q Bd4c3
46.Qa8b7 Ka2
47.Qb7a6 Kb2
48.Qa6b5 Ka1
49.Bd2xc3 Ka2
50.Qb5b2 1-0

[Event "Défi( 10J+24H/c 10J Max )"]
[Site "www.echecsemail.com"]
[Date "2026.01.21"]
[Round "1"]
[White "Kaby771"]
[Black "Drissou"]
[WhiteElo "1810"]
[BlackElo "1630"]
[Result "1-0"]
1.d4 d5
2.c4 Ng8f6
3.Nb1c3 e6
4.Bc1g5 Bf8e7
5.Ng1f3 O-O
6.e3 Nb8c6
7.Bf1d3 Nc6b4
8.Bd3e2 c5
9.O-O Qd8b6
10.a3 Nb4c6
11.Nc3a4 Qb6c7
12.dxc5 e5
13.cxd5 Nf6xd5
14.Qd1xd5 Rf8d8
15.Qd5e4 f6
16.Qe4c4 Kh8
17.Bg5h4 Nc6a5
18.Qc4c2 Bc8e6
19.Qc2c3 Rd8d5
20.b4 Na5c6
21.Be2c4 Rd5d8
22.Bc4xe6 e4
23.Nf3d2 f5
24.Bh4g3 Be7f6
25.Bg3xc7 Bf6xc3
26.Na4xc3 Rd8xd2
27.Be6xf5 a5
28.b5 Rd2c2
29.bxc6 Rc2xc3
30.cxb7 { abandon }1-0

[Event "Transval"]
[Site "www.echecsemail.com"]
[Date "2026.01.21"]
[Round "1"]
[White "Cramsnellac"]
[Black "Mindthegap"]
[WhiteElo "1700"]
[BlackElo "1420"]
[Result "0-1"]
1.Ng1f3 Ng8f6
2.d4 d5
3.e3 c6
4.Bf1d3 Nb8d7
5.O-O e6
6.Nb1d2 Nf6g4
7.h3 h5
8.e4 dxe4
9.Nd2xe4 Nd7e5
10.dxe5 Bc8d7
11.Nf3h2 Ng4xh2
12.Kxh2 b5
13.Bc1g5 Bf8e7
14.Bg5xe7 Qd8xe7
 { temps }0-1